CECA Survey shows more pain for contractors (Record no. 82161)

MARC details
000 -LEADER
fixed length control field 01429cab a22002055a 4500
001 - CONTROL NUMBER
control field L149369
008 - FIXED-LENGTH DATA ELEMENTS--GENERAL INFORMATION
fixed length control field 100224e20100218xxk f 000 0 eng d
035 ## - SYSTEM CONTROL NUMBER
System control number (Sirsi) u149369
041 0# - LANGUAGE CODE
Language code of text/sound track or separate title eng
110 2# - MAIN ENTRY--CORPORATE NAME
Corporate name or jurisdiction name as entry element Civil Engineering Contractors Association
9 (RLIN) 3765
245 00 - TITLE STATEMENT
Title CECA Survey shows more pain for contractors
Medium [electronic resource]
260 ## - PUBLICATION, DISTRIBUTION, ETC.
Date of publication, distribution, etc. 2010
490 ## - SERIES STATEMENT
Series statement CECA Press Release
Volume/sequential designation 18 February 2010
520 ## - SUMMARY, ETC.
Summary, etc. Presents the Civil Engineering Contractors Association workload trends survey for the fourth quarter of 2009. Reports that the most recent results show that CECA members are experiencing the worst trading conditions that the survey has ever recorded. Four in every five companies reported that their workloads had fallen compared to the same time last year. 78% of firms reported that they had lower orders now than a year ago while 93% of firms expected their workload to be as low or lower in 12 months time. Other findings from the survey include that 69% of firms have cut the number of skilled operatives in the last year and 82% report lower tender prices for new work.
590 ## - LOCAL NOTE (RLIN)
Local note KA NTK
651 #4 - SUBJECT ADDED ENTRY--GEOGRAPHIC NAME
Geographic name United Kingdom
Chronological subdivision
690 ## - LOCAL SUBJECT ADDED ENTRY--TOPICAL TERM (OCLC, RLIN)
Topical term or geographic name as entry element BUILT ENVIRONMENT-CONSTRUCTION MARKET
856 40 - ELECTRONIC LOCATION AND ACCESS
Uniform Resource Identifier <a href="https://www.ceca.co.uk/Uploads/news/pressreleases/EMBARGOED%20PRESS%20RELEASE%20-%20CECA%20Survey%20Shows%20More%20Pain%20For%20Contractors.pdf">https://www.ceca.co.uk/Uploads/news/pressreleases/EMBARGOED%20PRESS%20RELEASE%20-%20CECA%20Survey%20Shows%20More%20Pain%20For%20Contractors.pdf</a>
Public note View the item free of charge at www.ceca.co.uk
942 ## - ADDED ENTRY ELEMENTS (KOHA)
Suppress in OPAC 0
Holdings
Withdrawn status Lost status Source of classification or shelving scheme Damaged status Not for loan Home library Current library Shelving location Date acquired Total Checkouts Full call number Barcode Date last seen Copy number Price effective from Koha item type
    Dewey Decimal Classification     Virtual Virtual Online 24/02/2010   ONLINE PUBLICATION 149369-2001 06/08/2019 1 06/08/2019 Book